Регионална библиотека "Любен Каравелов" - Русе

Адриана Будевска (Запис номер 119638)

MARC детайли
000 -Лидер
Контролно поле с фиксирана дължина nam a22 a 4500
003 - Код на организацията, давaща контролен номер
Контролно поле BLK
005 - Дата и час на последна редакция
Контролно поле 20220621171732.0
008 - Елементи от данни с фиксирана дължина
fixed length control field 180409b bul|||||r ||||||| ||bul||
010 ## - Наследен системен номер
LC control number KNG00125253000
040 ## - Източник на каталожния запис
Идентификатор на билиотеката - собственик на записа BLK
041 ## - Код за език
Код за езика на текст/звукозапис или на отделно заглавие Български
Код за езика КДБФ Български
080 ## - УДК
Текстов определител УДК Био-библиографии
УДК код - определител по УДК 016:929
УДК - код + определител 016:929
080 ## - УДК
Текстов определител УДК Актьори, театрални
УДК код - определител по УДК 792.071.2
УДК определител (497.2)(092)(01)
УДК - код + определител 792.071.2(497.2)(092)(01)
080 ## - УДК
Текстов определител УДК Българска актриса, един от основоположниците на професионалния театър в България
УДК код - определител по УДК 929 Будевска, Адриана Кънчева
УДК - код + определител 929 Будевска, Адриана Кънчева
100 ## - Редна дума - Автор
R(LIN) 316260
Автор Джолова, Пенка
Авторска отговорност състав.
139 ## - Редно поле
Редна дума Джолова, Пенка
Авторски знак Бу - Б 84
245 10 - Сведения за заглавието
Заглавие Адриана Будевска
Подзаглавни данни Препоръч. библиогр.
Редно поле (дума) състав. Пенка Джолова; ред. Зара Ангелова.
257 ## - Страна на издаване
Страна на създаване/издаване България
260 ## - Област на издателските данни
Място на издаване, разпространение и проч. Бургас
Име на издателя, разпространителя и проч. Окр. библ.
Година на издаване 1968
300 ## - Физическа характеристика
Страници 47 с.
Илюстрации и др. с портр.
Размери/Мащаб 20 см
380 ## - Жанр
Жанр Общ отдел
600 #0 - Име на лице, използвано като предмет
За него / За нея Будевска, Адриана Кънчева
9 (RLIN) 314486
650 #4 - Допълнително описание по предмет – тема
Основно описание – тема или топоним Будевска, Адриана - биографии и библиографии
9 (RLIN) 149252
650 #4 - Допълнително описание по предмет – тема
Основно описание – тема или топоним Актьори, български
9 (RLIN) 263862
653 ## - Ключова дума – ненормативна
Ключова дума биографии
653 ## - Ключова дума – ненормативна
Ключова дума библиографски указатели
653 ## - Ключова дума – ненормативна
Ключова дума актьори
653 ## - Ключова дума – ненормативна
Ключова дума Адриана Будевска
700 1# - Други автори (авторска отговорност)
Лично име Ангелова, Зара
Автороска отговорност (Описва отношението между автора и произведението) ред.
9 (RLIN) 376771
852 ## - Местоположение
Форматна сигнатура Цб 48456
Фондова буква Хранилище
999 ## - СИСТЕМНИ КОНТРОЛНИ НОМЕРА
Koha biblionumber 119638
Koha biblioitemnumber 119638
942 ## - АРТИКУЛИ
Вид на библиотечния материал Книги
Скрит в OPAC Не
Периодичен библиозапис Да
944 ## - СЪЗДАВАНЕ И РЕДАКЦИЯ на ЗАПИСА
Създаване/Редакция Създаване
Дата на регистрацията/редакция 24.08.2011
Статус, дата на статуса 24.08.2011 - от С1,Р / 24.08.2011
Служител, извършил регистрацията/редакцията Ирена_Линкова
944 ## - СЪЗДАВАНЕ И РЕДАКЦИЯ на ЗАПИСА
Създаване/Редакция Редакция
Дата на регистрацията/редакция 2022-06-21
Служител, извършил регистрацията/редакцията ГГГ
Наличности
Код за отписване Код за изгубен артикул Източник на класификационната схема Код за повреда Коз за рестрикции Код за отдаване Артикулен № Име на библиотеката - собственик Име на библиотеката, в която се намира в момента Статус (Текущо местоположение) Дата на вписване в системата Местоположение - отдел Цена в лева Инвентарен номер Систематично азбучна сигнатура Баркод Номер на екземпляра Цена в евро Служебна бележка Служебен тип на артикула
  Не е изгубен Universal Decimal Classification Не е повреден само за читалня ползва се в читалня 193011 Регионална библиотека "Любен Каравелов" Русе Регионална библиотека "Любен Каравелов" Русе Хранилище 2022-06-21 Хранилище 0.20 49318 Цб 48456 120000049318 1 0.10 N: стар фонд Дата: 01.01.1968 Книги
Изтеглен Не е изгубен Universal Decimal Classification Не е повреден без рестрикции заемане за дома 193012 Регионална библиотека "Любен Каравелов" Русе Регионална библиотека "Любен Каравелов" Русе Заемна - подръчен фонд 1968-01-01 Заемна - подръчен фонд 0.20 65926 П 016:92/Б 84 65926 2 0.10 N: стар фонд Дата: 01.01.1968 Дата инв: 21.03.2018 Бележки инв: П2018 Книги
Изтеглен Не е изгубен Universal Decimal Classification Не е повреден без рестрикции ползва се в читалня 193013 Регионална библиотека "Любен Каравелов" Русе Регионална библиотека "Любен Каравелов" Русе Изкуство - справочен фонд 1968-01-01 Изкуство - справочен фонд 0.20 65923 СИ 016:92/Б 84 65923 3 0.10 N: стар фонд Дата: 01.01.1968 Дата инв: 15.06.2017 Бележки инв: СИ2017 Книги
Vip Innovations Ltd, Rousse, Bulgaria 2025